El camino hacia la democracia : (Registro nro. 30939)
[ vista simple ]
| 000 -CABECERA | |
|---|---|
| campo de control de longitud fija | 00679cam a2200205 a 4500 |
| 008 - CÓDIGOS DE INFORMACIÓN DE LONGITUD FIJA | |
| fixed length control field | 001026s2000 ja r 00110 spa d |
| 020 ## - NÚMERO INTERNACIONAL NORMALIZADO PARA LIBROS | |
| ISBN | 4569609864 |
| 040 ## - Fuente de catalogación | |
| Agencia original de catalogación | CO-JMCR |
| Agencia de transcripción | CO-JMCR |
| Lenguaje de catalogación | spa |
| Agencia de modificación | CO-JMCR |
| Convenciones de descripción | rda |
| 041 1# - CÓDIGO DE LENGUA | |
| Código idioma | spa |
| Language code of original | jap |
| 082 04 - NÚMERO DE LA CLASIFICACIÓN DECIMAL DEWEY | |
| Número de clasificación Decimal | 330.951 |
| Número de documento (Cutter) | L47t |
| 100 1# - PUNTO DE ACCESO PRINCIPAL-NOMBRE DE PERSONA | |
| Nombre personal | Lee, Teng-Hui, |
| Fechas asociadas al nombre | 1923-2020 |
| 9 (RLIN) | 44039 |
| 245 13 - TÍTULO PROPIAMENTE DICHO | |
| Título | El camino hacia la democracia : |
| Parte restante del título | Taiwan busca su identidad / |
| Mención de responsabilidad, etc. | Lee Teng-Hui. |
| 260 ## - PUBLICACIÓN, DISTRIBUCIÓN, ETC. (PIE DE IMPRENTA) | |
| Lugar de publicación, distribución, etc. | Tokio : |
| Nombre del editor, distribuidor, etc. | PHP Institute, |
| Fecha de publicación, distribución, etc. | 2000. |
| 300 ## - DESCRIPCIÓN FÍSICA | |
| Extensión | 232 páginas ; |
| Dimensiones | 22 cm. |
| 500 ## - NOTA GENERAL | |
| Nota general | Incluye índice. |
| 534 ## - ORIGINAL VERSION NOTE | |
| Introductory phrase | Título original. |
| Title statement of original | Taiwan no shucho. |
| 650 14 - TÉRMINO DE MATERIA | |
| subdivision Geografica | Taiwan. |
| 9 (RLIN) | 44040 |
| 650 24 - TÉRMINO DE MATERIA | |
| subdivision Geografica | Taiwan. |
| 9 (RLIN) | 44041 |
| Withdrawn status | Lost status | Source of classification or shelving scheme | Damaged status | Not for loan | Home library | Current library | Shelving location | Date acquired | Total Checkouts | Full call number | Barcode | Date last seen | Copy number | Price effective from | Koha item type |
|---|---|---|---|---|---|---|---|---|---|---|---|---|---|---|---|
| Dewey Decimal Classification | Biblioteca Pública José María del Castillo y Rada | Biblioteca Pública José María del Castillo y Rada | Book Cart | 10/18/2023 | 330.951 L47t | 201812381 | 01/31/2025 | Ej.1 | 01/31/2025 | Books |